000 00301nam a2200109Ia 4500
008 180205s9999 xx 000 0 und d
020 _a440218012
100 _aSeller, Charles E
245 _cRussel, Brian
_aAncient secrets of the bible /
260 _aUSA
_bDell publishing
_c1994
300 _a372 pages
999 _c354845
_d354845